[Event "AUT-ch U14 Girls"]
[Site "St Veit"]
[Date "2019.06.10"]
[Round "5.4"]
[White "Warmuth, Franziska"]
[Black "Valtiner, Valentina"]
[Result "1/2-1/2"]
[WhiteElo "1215"]
[BlackElo "1153"]
[PlyCount "60"]
[EventDate "2019.06.08"]
[EventType "swiss"]
[EventRounds "7"]
[EventCountry "AUT"]
[SourceTitle "EXT 2024"]
[Source "ChessBase"]
[SourceDate "2023.10.10"]
[SourceVersion "1"]
[SourceVersionDate "2023.10.10"]
[SourceQuality "1"]

1. e4 e5 2. Nf3 Nc6 3. Nc3 Nf6 4. Bc4 Bb4 5. d3 Bxc3+ 6. bxc3 d6 7. Bg5 Bg4 8. 0-0 0-0 9. Bxf6 Bxf3 10. Bxd8 Bxd1 11. Rfxd1 Raxd8 12. d4 exd4 13. cxd4 Ne7 14. c3 c5 15. Rab1 b6 16. f3 h6 17. h3 d5 18. exd5 Nxd5 19. Bxd5 Rxd5 20. Kf2 Re8 21. Rd2 cxd4 22. Rxd4 Rxd4 23. cxd4 Re7 24. Rc1 g5 25. g4 Kg7 26. Kg3 Kg6 27. Rc6+ Re6 28. Rxe6+ fxe6 29. f4 gxf4+ 30. Kxf4 Kf6 1/2-1/2

[Event "AUT-ch U14 Girls"]
[Site "St Kanzian"]
[Date "2018.05.20"]
[Round "3.6"]
[White "Castrignano, Lena"]
[Black "Warmuth, Franziska"]
[Result "0-1"]
[WhiteElo "800"]
[BlackElo "1198"]
[PlyCount "46"]
[EventDate "2018.05.19"]
[EventType "swiss"]
[EventRounds "7"]
[EventCountry "AUT"]
[SourceTitle "EXT 2024"]
[Source "ChessBase"]
[SourceDate "2023.10.10"]
[SourceVersion "1"]
[SourceVersionDate "2023.10.10"]
[SourceQuality "1"]

1. e4 e5 2. Nf3 Nc6 3. Nc3 Nf6 4. Bc4 Bb4 5. 0-0 Bxc3 6. dxc3 Nxe4 7. Bd3 Nf6 8. Be3 e4 9. Bc4 exf3 10. Qxf3 Ne5 11. Qe2 Nxc4 12. Qxc4 0-0 13. Rae1 d6 14. Bd2 Bd7 15. Re3 Re8 16. Rf3 h6 17. Rh3 Bxh3 18. gxh3 Rc8 19. a4 Qd7 20. b3 Qxh3 21. a5 Ng4 22. Ra1 Qxh2+ 23. Kf1 Qxf2# 0-1

[Event "AUT-ch U14 Girls"]
[Site "St Kanzian"]
[Date "2018.05.19"]
[Round "2.5"]
[White "Warmuth, Franziska"]
[Black "Hiebner, Carina"]
[Result "1/2-1/2"]
[WhiteElo "1198"]
[BlackElo "1535"]
[PlyCount "124"]
[EventDate "2018.05.19"]
[EventType "swiss"]
[EventRounds "7"]
[EventCountry "AUT"]
[SourceTitle "EXT 2024"]
[Source "ChessBase"]
[SourceDate "2023.10.10"]
[SourceVersion "1"]
[SourceVersionDate "2023.10.10"]
[SourceQuality "1"]

1. d4 d6 2. Nc3 Nf6 3. e4 g6 4. Nf3 Bg7 5. h3 0-0 6. Be2 Nc6 7. 0-0 e5 8. dxe5 dxe5 9. Qxd8 Rxd8 10. Bb5 Nd4 11. Nxe5 Nxc2 12. Rb1 Ne8 13. Bf4 Be6 14. a3 c6 15. Ba4 Nd4 16. Rfe1 f6 17. Nd3 b5 18. Bd1 Rac8 19. Be3 f5 20. exf5 Bxf5 21. Bxd4 Bxd3 22. Bb3+ Kh8 23. Bxg7+ Kxg7 24. Rbd1 Rd6 25. Rd2 Rcd8 26. Red1 c5 27. Ba2 a6 28. Bb1 Bxb1 29. Rxd6 Rxd6 30. Rxd6 Nxd6 31. Nxb1 Kf6 32. Kf1 Ke5 33. Ke2 Kd4 34. Kd2 Ne4+ 35. Ke2 a5 36. f3 Nd6 37. Nc3 b4 38. axb4 cxb4 39. Na2 Kc4 40. Nc1 a4 41. Kd2 b3 42. g3 Nf7 43. f4 Nd6 44. Ne2 Ne4+ 45. Kc1 Kd3 46. Kd1 Kc4 47. Kc1 Kb4 48. Kb1 Nd2+ 49. Kc1 Nc4 50. Nd4 a3 51. bxa3+ Nxa3 52. Nxb3 Kxb3 53. Kd2 Nc4+ 54. Ke2 Kc3 55. Kf3 Kd4 56. Kg4 Nd6 57. Kg5 Ne4+ 58. Kh6 Nxg3 59. Kxh7 Ke4 60. Kxg6 Kxf4 61. h4 Kg4 62. h5 Nxh5 1/2-1/2

[Event "AUT-ch U12 Girls"]
[Site "St Veit"]
[Date "2017.06.04"]
[Round "3.7"]
[White "Warmuth, Franziska"]
[Black "Lemsitzer, Katharina"]
[Result "1/2-1/2"]
[WhiteElo "1238"]
[BlackElo "810"]
[PlyCount "78"]
[EventDate "2017.06.03"]
[EventType "swiss"]
[EventRounds "7"]
[EventCountry "AUT"]
[SourceTitle "EXT 2024"]
[Source "ChessBase"]
[SourceDate "2023.10.10"]
[SourceVersion "1"]
[SourceVersionDate "2023.10.10"]
[SourceQuality "1"]

1. e4 e5 2. Nf3 Nc6 3. Bb5 Nf6 4. Nc3 Bb4 5. a3 Be7 6. Bxc6 bxc6 7. Nxe5 0-0 8. Nf3 Re8 9. 0-0 d5 10. d3 dxe4 11. dxe4 Qxd1 12. Rxd1 h6 13. h3 Bc5 14. Re1 Bb6 15. Bf4 Bb7 16. Nd2 c5 17. Bg3 Ba5 18. Rab1 Bxc3 19. bxc3 Bxe4 20. Nxe4 Nxe4 21. Bxc7 Nxc3 22. Rxe8+ Rxe8 23. Rb8 Rxb8 24. Bxb8 a6 25. Kf1 Nb5 26. a4 Na3 27. Bd6 Nxc2 28. Bxc5 Na1 29. a5 Nb3 30. Bb6 Kf8 31. g3 g6 32. h4 f5 33. Ke2 Ke7 34. Kd3 Nc1+ 35. Kc4 Kd6 36. Kd4 Kc6 37. Kc4 Kd6 38. Kd4 Kc6 39. f4 Ne2+ 1/2-1/2

[Event "AUT-ch U12 Girls"]
[Site "St Veit"]
[Date "2016.05.15"]
[Round "3"]
[White "Warmuth, Franziska"]
[Black "Katter, Katharina"]
[Result "0-1"]
[WhiteElo "1013"]
[BlackElo "1380"]
[PlyCount "56"]
[EventDate "2016.05.14"]
[EventType "swiss"]
[EventRounds "7"]
[EventCountry "AUT"]
[SourceTitle "CBM 172 Extra"]
[Source "ChessBase"]
[SourceDate "2016.06.21"]
[SourceVersion "1"]
[SourceVersionDate "2016.06.21"]
[SourceQuality "1"]

1. Nc3 e5 2. e4 Nf6 3. Nf3 Nc6 4. Bc4 Nxe4 5. Nxe4 d5 6. Bd3 dxe4 7. Bxe4 Bg4 8. h3 Bh5 9. c3 Bd6 10. 0-0 0-0 11. d3 Rb8 12. Be3 a6 13. d4 Re8 14. d5 Ne7 15. c4 b6 16. b3 f5 17. Bd3 e4 18. Be2 exf3 19. Bxf3 Bxf3 20. Qxf3 Qd7 21. Rae1 Ng6 22. Qd1 f4 23. Bd2 Rxe1 24. Rxe1 Re8 25. Rxe8+ Qxe8 26. Bc3 Qe4 27. f3 Qe3+ 28. Kf1 Qxc3 0-1

[Event "AUT-ch U12 Girls"]
[Site "St Veit"]
[Date "2016.05.15"]
[Round "4"]
[White "Wolf, Elena"]
[Black "Warmuth, Franziska"]
[Result "0-1"]
[WhiteElo "800"]
[BlackElo "1013"]
[PlyCount "74"]
[EventDate "2016.05.14"]
[EventType "swiss"]
[EventRounds "7"]
[EventCountry "AUT"]
[SourceTitle "CBM 172 Extra"]
[Source "ChessBase"]
[SourceDate "2016.06.21"]
[SourceVersion "1"]
[SourceVersionDate "2016.06.21"]
[SourceQuality "1"]

1. e4 e5 2. Nf3 Nc6 3. Nc3 Bc5 4. Bb5 d6 5. 0-0 Nf6 6. d3 h6 7. Bd2 Bg4 8. h3 Bh5 9. Ne2 Bxf3 10. gxf3 0-0 11. a3 Nd4 12. Nxd4 Bxd4 13. c3 Bc5 14. Be3 Bxe3 15. fxe3 a6 16. Bc4 Qc8 17. d4 exd4 18. exd4 c5 19. Re1 Qxh3 20. Bf1 Qc8 21. b4 b6 22. Kh2 Re8 23. Bh3 Qc7 24. Rg1 d5+ 25. Kg2 dxe4 26. fxe4 Nxe4 27. Kf1 Nxc3 28. Qc1 Ne2 29. Qd2 Nxg1 30. Kxg1 cxd4 31. Qxd4 Qd8 32. Qg4 Qg5 33. Rd1 Qxg4+ 34. Bxg4 Rad8 35. Rc1 Re3 36. Bf5 Rxa3 37. Re1 g6 0-1

[Event "AUT-ch U10 Girls"]
[Site "Woerth"]
[Date "2015.06.07"]
[Round "7.3"]
[White "Warmuth, Franziska"]
[Black "Dodu, Crina Karina"]
[Result "0-1"]
[WhiteElo "865"]
[BlackElo "1003"]
[PlyCount "90"]
[EventDate "2015.06.05"]
[EventType "swiss"]
[EventRounds "7"]
[EventCountry "AUT"]
[SourceTitle "EXT 2024"]
[Source "ChessBase"]
[SourceDate "2023.10.10"]
[SourceVersion "1"]
[SourceVersionDate "2023.10.10"]
[SourceQuality "1"]

1. e4 e5 2. f4 d6 3. fxe5 dxe5 4. Nf3 Nc6 5. Bb5 Bd7 6. Bxc6 Bxc6 7. Nc3 Bd6 8. 0-0 Nf6 9. d3 Qd7 10. Be3 0-0-0 11. Bxa7 b6 12. Qd2 Kb7 13. Bxb6 cxb6 14. Qg5 Bc5+ 15. Kh1 Rhg8 16. Nxe5 Qe6 17. Qf5 Qe7 18. Rad1 Bd4 19. Nf3 Be3 20. Rde1 Bh6 21. Qh3 g5 22. Qg3 Qb4 23. a3 Qxb2 24. Nb1 Qxc2 25. Qf2 Qxd3 26. Nfd2 Nxe4 27. Nxe4 Bxe4 28. Qxf7+ Kb8 29. Qf2 Rgf8 30. Qg1 Rf5 31. Rxf5 Bxf5 32. Qxb6+ Ka8 33. h3 Qd6 34. Qf2 g4 35. Qxf5 g3 36. Qxh7 Qd1 37. Qe4+ Ka7 38. Nc3 Qd2 39. Nb1 Qd1 40. Nc3 Qd3 41. Qxd3 Rxd3 42. Nb5+ Kb6 43. Nc3 Rxc3 44. Re6+ Kc7 45. Rxh6 Rc1# 0-1

[Event "AUT-ch U10 Girls"]
[Site "Woerth"]
[Date "2015.06.05"]
[Round "2.6"]
[White "Stadler, Eva"]
[Black "Warmuth, Franziska"]
[Result "0-1"]
[WhiteElo "800"]
[BlackElo "865"]
[PlyCount "104"]
[EventDate "2015.06.05"]
[EventType "swiss"]
[EventRounds "7"]
[EventCountry "AUT"]
[SourceTitle "EXT 2024"]
[Source "ChessBase"]
[SourceDate "2023.10.10"]
[SourceVersion "1"]
[SourceVersionDate "2023.10.10"]
[SourceQuality "1"]

1. e4 e5 2. Nf3 Nc6 3. Nc3 Nf6 4. Bc4 Bb4 5. Ne2 0-0 6. Ng5 Qe7 7. Nxf7 h6 8. a3 Bc5 9. 0-0 d6 10. d3 Be6 11. Bxe6 Qxe6 12. Nxh6+ gxh6 13. Bxh6 Rf7 14. Qd2 Ng4 15. Bg5 Bd4 16. h3 Nf6 17. Bxf6 Rxf6 18. Nxd4 Nxd4 19. f3 Nc6 20. b3 Kf8 21. a4 a6 22. Qf2 a5 23. Qh4 b6 24. Qh8+ Qg8 25. Qxf6+ Ke8 26. Qh4 Nd4 27. Qf2 Qh7 28. Qe1 Nxc2 29. Qb1 Nxa1 30. Qxa1 Qg8 31. Re1 Qxb3 32. Rb1 Qxd3 33. Rd1 Qe3+ 34. Kh1 Qe2 35. Kg1 Qa6 36. Qc1 Rc8 37. Qh6 Kd7 38. Qh7+ Kc6 39. Rc1+ Kb7 40. Qf5 Qd3 41. g4 Qa3 42. Re1 Qxa4 43. h4 c5 44. h5 c4 45. Rc1 c3 46. Kf1 c2 47. Ke1 b5 48. Kd2 b4 49. Qf6 Rc6 50. Qe6 b3 51. Qd5 b2 52. Re1 b1Q 0-1

[Event "AUT-ch U10 Girls"]
[Site "Woerth"]
[Date "2015.06.05"]
[Round "1.3"]
[White "Warmuth, Franziska"]
[Black "Hirzinger, Lea"]
[Result "0-1"]
[WhiteElo "865"]
[BlackElo "1165"]
[PlyCount "72"]
[EventDate "2015.06.05"]
[EventType "swiss"]
[EventRounds "7"]
[EventCountry "AUT"]
[SourceTitle "EXT 2024"]
[Source "ChessBase"]
[SourceDate "2023.10.10"]
[SourceVersion "1"]
[SourceVersionDate "2023.10.10"]
[SourceQuality "1"]

1. e4 e5 2. Nf3 Nc6 3. d4 exd4 4. Nxd4 Nf6 5. Nc3 Bb4 6. a3 Bxc3+ 7. bxc3 h6 8. Bd3 d5 9. Nxc6 bxc6 10. exd5 cxd5 11. 0-0 0-0 12. h3 c6 13. c4 dxc4 14. Bxc4 Qxd1 15. Rxd1 Re8 16. Rf1 Be6 17. Ba6 Rad8 18. Bd2 Rxd2 19. Bb7 Rxc2 20. Rab1 c5 21. Bc6 Rc8 22. Ba4 Ra2 23. Ra1 Rxa1 24. Rxa1 c4 25. Kf1 Kf8 26. Ke1 Rd8 27. Rc1 Ke7 28. Bb5 Rd3 29. a4 Rd4 30. Ke2 Kd6 31. Ke3 Ke5 32. Ba6 c3 33. Rxc3 Rxa4 34. Bb5 Nd5+ 35. Kd2 Nxc3 36. Kxc3 Ra3+ 0-1